La laguna de los coipos

Saved in:
Bibliografiske detaljer
Hovedforfatter: Hidalgo González, Héctor (Author)
Format: Bog
Sprog:spansk
Udgivet: Santiago Ediciones SM Chile 2005
Udgivelse:2a. ed
Serier:El Barco de Vapor, 6
Fag:
Tags: Tilføj Tag
Ingen Tags, Vær først til at tagge denne postø!

MARC

LEADER 00000cam a2200000 a 4500
001 UCF7479
003 CL-VaPUC
008 130627e20050000CL |||||||||||||||||spa|d
020 |a 9562642240 
082 0 4 |a Ch863  |b HID  |2 21 
100 |a Hidalgo González, Héctor  |e author  |9 569512 
245 1 3 |a La laguna de los coipos 
250 |a 2a. ed 
300 |a 107 p 
942 |c BK 
945 |d 20130627 00:00:00  |a cmena 
260 |a Santiago  |b Ediciones SM Chile  |c 2005 
650 0 |a Novelas chilenas   |9 265425 
650 0 |a Literatura infantil   |9 307465 
650 0 |a Literatura chilena   |9 308278 
583 |a last modification  |c 20130627 13:18:00  |k Rodrigo Vera 
490 0 |a El Barco de Vapor, 6 
999 |c 352302  |d 352300